| 000 | 00420nam a2200157Ia 4500 | ||
|---|---|---|---|
| 008 | 210716s2001 xx 000 0 und d | ||
| 020 | _a8176492159 | ||
| 041 | _aeng | ||
| 082 | _a574.88 TURP | ||
| 100 | _aTurner, P C; Mclennan, A G; Bates, A D; White, M R H. | ||
| 245 | _aInstant notes: molecular biology. | ||
| 250 | _a2 | ||
| 260 |
_aNew Delhi _bViva Books _c2001 |
||
| 300 | _axiv,346 | ||
| 650 | _aBiology(574) | ||
| 999 |
_c187073 _d187073 |
||